000 nam a22 7a 4500
999 _c9614
_d9614
008 180205b ||||| |||| 00| 0 eng d
100 _aDas,M.
_95742
245 _aSo Many Smiles
260 _aNew delhi
_bNBT
_c2014